| 000 | 01223cam a22003257a 4500 | ||
|---|---|---|---|
| 008 | 110919s2012 gw a b 001 0 eng d | ||
| 015 |
_aGBB0D1309 _2bnb |
||
| 020 | _a9783642239281 (hdbk. : acidfree paper) | ||
| 020 | _a3642239285 (hdbk. : acidfree paper) | ||
| 020 | _a9783642067341 (pbk.) | ||
| 020 | _a3642067344 (pbk.) | ||
| 040 |
_aUKMGB _beng _cUKMGB _dBTCTA _dYDXCP _dMUU _dWTU _dDLC |
||
| 082 | 0 | 4 |
_a658.53015181/B831c _22nd.ed |
| 100 | 1 | _aBrucker, Peter. | |
| 245 | 1 | 0 |
_aComplex scheduling / _cPeter Brucker, Sigrid Knust. |
| 250 | _a2nd ed. | ||
| 260 |
_aHeidelberg ; _aNew York : _bSpringer, _cc2012. |
||
| 300 |
_ax, 340 p. : _bill. ; _c24 cm. |
||
| 490 | 1 | _aGOR publications | |
| 500 | _aPreviously published: 2006. | ||
| 504 | _aIncludes bibliographical references and index. | ||
| 505 | 0 | _a1. Scheduling models -- 2. Algorithms and complexity -- 3. Resource-constrained project scheduling -- 4. Complex job-shop scheduling. | |
| 650 | 0 |
_aProduction scheduling _xMathematical models. |
|
| 650 | 0 | _ajob shop problems | |
| 650 | 0 |
_aComputer algorithms. _93761 |
|
| 700 | 1 | _aKnust, Sigrid. | |
| 710 | 2 | _aGesellschaft für Operations Research. | |
| 830 | 0 | _aGOR-publications. | |
| 942 |
_2ddc _cGEN |
||
| 999 |
_c77571 _d77560 |
||